[Event "Kragero op"]
[Site "Kragero"]
[Date "2023.02.24"]
[Round "5"]
[White "Helland, Phillip"]
[Black "Jonsson, Gauti Pall"]
[Result "1/2-1/2"]
[WhiteElo "1894"]
[BlackElo "2047"]
[PlyCount "135"]
[EventDate "2023.02.22"]
[EventType "swiss"]
[EventRounds "9"]
[EventCountry "NOR"]
[SourceTitle "CBM 212 Extra"]
[Source "ChessBase"]
[SourceDate "2023.03.31"]
[SourceVersion "1"]
[SourceVersionDate "2023.03.31"]
[SourceQuality "1"]

1. d4 d6 2. c4 e5 3. Nc3 exd4 4. Qxd4 Nc6 5. Qd2 g6 6. Nf3 Bg7 7. g3 Nf6 8. Bg2 0-0 9. 0-0 Be6 10. Nd4 Nxd4 11. Qxd4 Nd5 12. Qd3 Nxc3 13. bxc3 Rb8 14. Bf4 b6 15. e4 Qd7 16. Rfd1 Qa4 17. Bf1 Qa5 18. Rac1 Rbe8 19. Bg2 Kh8 20. Re1 Qa4 21. Bf1 Qa5 22. Bg2 Qc5 23. Bf1 f5 24. exf5 Bxf5 25. Qd5 Qxd5 26. cxd5 Kg8 27. Bb5 Rxe1+ 28. Rxe1 Bf6 29. Bd2 Kf7 30. Kg2 Rd8 31. h3 Bd7 32. Bxd7 Rxd7 33. f4 c6 34. c4 cxd5 35. cxd5 Rc7 36. Rc1 Rc5 37. Be3 Bd4 38. Rxc5 Bxc5 39. Bd2 b5 40. Kf3 b4 41. Ke4 a5 42. Kd3 Bb6 43. Kc4 Bd8 44. Kb5 Kf6 45. g4 h5 46. Kc6 Be7 47. Be3 hxg4 48. hxg4 a4 49. Kb5 b3 50. axb3 axb3 51. Kc4 Kf7 52. Kxb3 Ke8 53. Kc4 Kd7 54. Kd3 Ke8 55. Ke4 Kf7 56. g5 Bd8 57. f5 Bc7 58. Bf4 Bb8 59. f6 Ke8 60. Kd3 Kd7 61. Kc4 Ba7 62. Kb5 Bd4 63. Bd2 Be5 64. Kc4 Bb2 65. Bf4 Ba3 66. Bd2 Bb2 67. Bb4 Be5 68. Bd2 1/2-1/2

[Event "Kragero op"]
[Site "Kragero"]
[Date "2023.02.22"]
[Round "1"]
[White "Helland, Phillip"]
[Black "Radeva, Viktoria"]
[Result "0-1"]
[WhiteElo "1894"]
[BlackElo "2229"]
[PlyCount "84"]
[EventDate "2023.02.22"]
[EventType "swiss"]
[EventRounds "9"]
[EventCountry "NOR"]
[SourceTitle "CBM 212 Extra"]
[Source "ChessBase"]
[SourceDate "2023.03.31"]
[SourceVersion "1"]
[SourceVersionDate "2023.03.31"]
[SourceQuality "1"]

1. e4 c5 2. Nf3 e6 3. g3 Nc6 4. Bg2 Nf6 5. Nc3 e5 6. 0-0 d6 7. d3 Be7 8. Bg5 Be6 9. Bxf6 Bxf6 10. Nd5 Bxd5 11. exd5 Ne7 12. Nd2 0-0 13. Qf3 Nc8 14. h4 Be7 15. h5 f5 16. Bh3 Bg5 17. Nc4 Qf6 18. Rae1 Ne7 19. a4 Rad8 20. c3 g6 21. Bg2 Qf7 22. hxg6 Qxg6 23. b4 cxb4 24. cxb4 h5 25. Qe2 Rf7 26. f4 exf4 27. Qe6 fxg3 28. Qxg6+ Nxg6 29. Re6 Nf4 30. Rxd6 Re8 31. Re6 Ref8 32. Re3 h4 33. Ref3 Ne2+ 34. Kh1 Nd4 35. Bh3 Nxf3 36. Rxf3 Re7 37. Bxf5 h3 38. Be6+ Rxe6 39. Rxf8+ Kxf8 40. dxe6 g2+ 41. Kh2 Bf6 42. Nd2 Be5+ 0-1

[Event "NOR-ch Blitz"]
[Site "Drammen"]
[Date "2023.01.06"]
[Round "8"]
[White "Getz, Nicolai"]
[Black "Helland, Phillip"]
[Result "0-1"]
[WhiteElo "2349"]
[BlackElo "1894"]
[PlyCount "61"]
[EventDate "2023.01.06"]
[EventType "swiss (blitz)"]
[EventRounds "9"]
[EventCountry "NOR"]
[SourceTitle "CBM 212 Extra"]
[Source "ChessBase"]
[SourceDate "2023.03.31"]
[SourceVersion "1"]
[SourceVersionDate "2023.03.31"]
[SourceQuality "1"]

1. e4 c5 2. c3 g6 3. d4 cxd4 4. cxd4 d5 5. e5 Bg7 6. Nc3 Nc6 7. Be3 Nh6 8. Qd2 Nf5 9. Nf3 0-0 10. Bf4 e6 11. g4 Nh4 12. Nxh4 Qxh4 13. h3 Qe7 14. Be3 f6 15. exf6 Qxf6 16. 0-0-0 Bd7 17. f4 Rac8 18. Kb1 Qe7 19. Bg2 Qb4 20. Ne2 Qb5 21. Nc3 Qb4 22. Rhf1 Kh8 23. f5 exf5 24. gxf5 Bxf5+ 25. Ka1 Be6 26. Rxf8+ Rxf8 27. Bh6 Bxh6 28. Qxh6 Rf2 29. Rb1 Nxd4 30. Be4 dxe4 31. Rc1 0-1

[Event "NOR-ch Blitz"]
[Site "Drammen"]
[Date "2023.01.06"]
[Round "9"]
[White "Helland, Phillip"]
[Black "Hobber, Anders"]
[Result "0-1"]
[WhiteElo "1894"]
[BlackElo "2371"]
[PlyCount "94"]
[EventDate "2023.01.06"]
[EventType "swiss (blitz)"]
[EventRounds "9"]
[EventCountry "NOR"]
[SourceTitle "CBM 212 Extra"]
[Source "ChessBase"]
[SourceDate "2023.03.31"]
[SourceVersion "1"]
[SourceVersionDate "2023.03.31"]
[SourceQuality "1"]

1. e4 c6 2. Nf3 d5 3. Nc3 a6 4. exd5 cxd5 5. d4 Bg4 6. Be2 Nc6 7. 0-0 e6 8. Be3 Bd6 9. Qd2 Nge7 10. h3 Bh5 11. Bf4 0-0 12. Ne5 Bxe2 13. Nxc6 Nxc6 14. Nxe2 Be7 15. c3 Rc8 16. Rac1 Re8 17. Ng3 Bf8 18. Rfe1 b5 19. Bg5 Qb6 20. Qe2 b4 21. Qg4 bxc3 22. bxc3 Ne7 23. h4 Qb2 24. Qe2 Qxe2 25. Rxe2 Nc6 26. Be3 Na5 27. Nf1 Rb8 28. Bf4 Rb7 29. Nd2 Rc8 30. Rc2 Rc6 31. Nf3 f6 32. g4 Kf7 33. Rc1 Ba3 34. Rce1 Rb2 35. g5 Rxe2 36. Rxe2 Rxc3 37. Kg2 Nc4 38. h5 Bc1 39. Bxc1 Rxc1 40. gxf6 gxf6 41. Kg3 a5 42. Kg2 a4 43. Kg3 a3 44. Kg2 Rb1 45. Re1 Rb2 46. Rc1 Rxa2 47. Rc3 Rb2 0-1

[Event "Kragero op"]
[Site "Kragero"]
[Date "2022.02.23"]
[Round "2"]
[White "Gharibyan, Mane"]
[Black "Helland, Phillip"]
[Result "1-0"]
[WhiteElo "1592"]
[BlackElo "1760"]
[PlyCount "65"]
[EventDate "2022.02.23"]
[EventType "swiss"]
[EventRounds "9"]
[EventCountry "NOR"]
[SourceTitle "EXT 2023"]
[Source "ChessBase"]
[SourceDate "2022.10.05"]
[SourceVersion "1"]
[SourceVersionDate "2022.10.05"]
[SourceQuality "1"]

1. e4 Nf6 2. e5 Nd5 3. c4 Nb6 4. d4 d6 5. exd6 exd6 6. Bd3 Be7 7. Nc3 0-0 8. Be3 Bf6 9. Nge2 Nc6 10. b3 g6 11. 0-0 Bg7 12. Rc1 Re8 13. Qd2 Bg4 14. f3 Qe7 15. Bg5 f6 16. Bh4 Bc8 17. Bf2 Qf8 18. c5 Bh6 19. f4 Nd7 20. Nd5 Qf7 21. Nxc7 Nxc5 22. Bc4 d5 23. Bxd5 Be6 24. Bxe6 Nxe6 25. Nxe8 Qxe8 26. Be3 Ne7 27. d5 Rd8 28. Nc3 Nc7 29. d6 Nf5 30. Bc5 Qc6 31. Ba3 Nxd6 32. Na4 Qd7 33. Qxd6 1-0